A historical sketch of the Brethren movement. (Record no. 14251)

000 -LEADER
fixed length control field 00728nam a2200205 a 4500
001 - CONTROL NUMBER
control field :::00012080$&:&@@
003 - CONTROL NUMBER IDENTIFIER
control field OkBaRHE
005 - DATE AND TIME OF LATEST TRANSACTION
control field 20100402121149.0
008 - FIXED-LENGTH DATA ELEMENTS--GENERAL INFORMATION
fixed length control field s1985 j 000 0 eng u
040 ## - CATALOGING SOURCE
Transcribing agency
100 1# - MAIN ENTRY--PERSONAL NAME
Personal name Ironside, H. A. (Henry Allan), 1876-1951.
245 12 - TITLE STATEMENT
Title A historical sketch of the Brethren movement.
250 ## - EDITION STATEMENT
Edition statement Rev ed.
260 ## - PUBLICATION, DISTRIBUTION, ETC. (IMPRINT)
Place of publication, distribution, etc Neptune, NJ., :
Name of publisher, distributor, etc Loizeaux Bros.
Date of publication, distribution, etc 1985
300 ## - PHYSICAL DESCRIPTION
Extent 219 p. ;
Dimensions 21 cm.
650 ## - SUBJECT ADDED ENTRY--TOPICAL TERM
Topical term or geographic name as entry element Plymouth Brethren
General subdivision History
942 ## - ADDED ENTRY ELEMENTS (KOHA)
Source of classification or shelving scheme
Koha item type Books
Copies
Lost status Withdrawn status Source of classification or shelving scheme Permanent Location Date acquired Full call number Price effective from Koha item type Copy number Shelving location Not for loan Date last seen Damaged status Barcode
   RHEMA Bible Training College2010-04-14BX 8800 .I7 19852010-04-14Books1General Stacks 2010-04-14 12080
   RHEMA Bible Training College2010-04-14BX 8800 .I7 19852010-04-14Books2General Stacks 2010-04-14 15433